Агентурный материал 5-го Управления Красной армии о ходе советско-германских экономических переговоров

RUSMARC
00004107cbm0a2200289#x 450
0018ce6b087-9cd6-4110-bf3e-0a4365d96af7
00520210824144247.0
100##$a20210802j19400210k###0rusy50 ca
1010#$arus
102##$aDE
1220#$ad19400210##
2001#$aАгентурный материал 5-го Управления Красной армии о ходе советско-германских экономических переговоров
$j10 февраля 1940 г.
251##$cДокумент
300##$aЗаверенная копия
461#0$12001
$aФ. 33987
$1251
$cФонд
$1852
$j33987
462#0$12001
$aОп. 3а
$1251
$cОпись
$1852
$j
462#0$12001
$aД. 1305
$vЛ. 96-99
$1251
$cДело
$1852
$j1305
605##$2prlib_sh
$3LIBNET\UAF\0000088514
$aВторая мировая война в архивных документах (Комплекс оцифрованных архивных документов, кино- и фотоматериалов)
$lколлекция
617##$2prlib_sh
$aСССР
$f1940
617##$2prlib_sh
$aГермания
$f1940
686##$a63.3(4Гем)62-6ю11
$vLBC/M
$2rubbk
686##$a63.3(2)621-6ю11
$vLBC/M
$2rubbk
801#0$aRU
$bПБ им. Б.Н. Ельцина
$c20210802
801#1$aRU
$bПБ им. Б.Н. Ельцина
$c20210802
$2rusmarc
801#2$aRU
$bПБ им. Б.Н. Ельцина
$c20210824
$2rusmarc
850##$aРоссийский государственный военный архив
852##$aРГВА
$jЛ. 96-99
035##$aLIBNET\0001172358
937##$d167626423
$hФедеральное архивное агентство
8564#$uhttp://readingroom.main.prlib.ru/item.aspx?id_node=n167626423&mode=full
Формат отображения